| 000 | 00445nam a2200157 i 4500 | ||
|---|---|---|---|
| 001 | 81203 | ||
| 003 | ES-MaACL | ||
| 005 | 20230906174405.0 | ||
| 007 | t| | ||
| 008 | 041103s1972 xxu ||||1| spa d | ||
| 245 | 0 | 0 |
_aHomenaje a Fernando Alegría / _ceditor, Helmy F. Giacoman. |
| 260 |
_a[New York] : _bLas Américas, _c[1972] |
||
| 300 |
_a287 p. ; _c22 cm. |
||
| 700 | 1 |
_aGiacoman, Helmy Fuad. _956594 |
|
| 852 |
_aES-MaACL _jC-43739 _bR.82112 |
||
| 999 |
_c81203 _d81203 |
||